'Anything You Can Click, I Can Pick Better' (musical) Quiz Stats

 Plays Quiz not verified by Sporcle

Score 0/17 Timer 03:00
0 Plays Today
% Correct
do anything better than you
86%
hold any note longer
86%
sing anything higher
83.7%
get a sparrow with a bow and arrow
82.6%
sing anything sweeter
82.6%
shoot a partridge with a single cartridge
80.7%
say anything faster
80%
say anything softer
78.2%
drink my liquor faster than a flicker
77.3%
% Correct
wear a girdle
74.5%
knit a sweater
72.2%
live on bread and cheese
70.8%
jump a hurdle
67.2%
open any safe
55.9%
buy anything cheaper
52.2%
be greater
43.3%
look better
41.9%

You're not logged in!

Compare scores with friends on all Sporcle quizzes.
OR
Log In

You Might Also Like...

Show Comments

Extras

Top Quizzes Today


Score Distribution

Your Account Isn't Verified!

In order to create a playlist on Sporcle, you need to verify the email address you used during registration. Go to your Sporcle Settings to finish the process.

Report this User

Report this user for behavior that violates our Community Guidelines.

Details: